000 00403nam a2200181Ia 4500
001 7976
005 20260306160535.0
008 260306t1972||||xx |||||||||||||| ||spa||
041 _aESP
082 _a364.36
_bCH51
100 _aChazal, Jean
_eAUT
245 0 _aLa infancia delincuente
260 _c1972
300 _apágs. :
_ccm.
650 _aGEN
654 _aCPS
942 _cLIB
_dJUS
_fJUS
_2ddc
_n
999 _c7976
_d7976